New rules for the blame game (Record no. 74241)
[ view plain ]
| 000 -LEADER | |
|---|---|
| fixed length control field | 01560cab a2200229 4500 |
| 001 - CONTROL NUMBER | |
| control field | ABS67548 |
| 008 - FIXED-LENGTH DATA ELEMENTS--GENERAL INFORMATION | |
| fixed length control field | 040304n2004 000 0 eng u |
| 035 ## - SYSTEM CONTROL NUMBER | |
| System control number | (Sirsi) u125335 |
| 100 ## - MAIN ENTRY--PERSONAL NAME | |
| Personal name | Tolson, S. |
| 245 ## - TITLE STATEMENT | |
| Title | New rules for the blame game |
| 260 ## - PUBLICATION, DISTRIBUTION, ETC. | |
| Date of publication, distribution, etc. | 2004 |
| 490 ## - SERIES STATEMENT | |
| Series statement | Building |
| Volume/sequential designation | 269(8318) 6 February 2004, 58-59(2) |
| 520 ## - SUMMARY, ETC. | |
| Summary, etc. | Discusses the consequences of"Sahib Foods Ltd and another v Paskin Kyriakides Sands" ([2003] EWCA Civ 1832, ABS 67366). Here the CA partially overruled an original judgment which meant that an architect and its insurers took the full blame for a £17m loss caused by a fire in a food factory. This was started by the negligence of a factory employee but had spread because of the use of composite insulated panels. The architect had taken the whole blame because of the use of the panels which were specified as the architect was only told that the room would be used for steam cooking. The CA ruled that Sahib Foods was found to be contributory negligent for two-thirds of the total loss and had to repay the architects insurers £12m. Concludes that firms should not try and pass the blame unto another party if a loss is suffered and that fault is a commonsense test and should not lead to blanket condemnation of designers. |
| 590 ## - LOCAL NOTE (RLIN) | |
| Local note | ABS |
| 650 ## - SUBJECT ADDED ENTRY--TOPICAL TERM | |
| Topical term or geographic name entry element | SAHIB FOODS LTD AND ANOTHER V PASKIN KYRIAKIDES SAND |
| 650 ## - SUBJECT ADDED ENTRY--TOPICAL TERM | |
| Topical term or geographic name entry element | FIRE DAMAGE |
| 650 ## - SUBJECT ADDED ENTRY--TOPICAL TERM | |
| Topical term or geographic name entry element | ARCHITECTS' DUTIES |
| 650 ## - SUBJECT ADDED ENTRY--TOPICAL TERM | |
| Topical term or geographic name entry element | CONTRIBUTORY NEGLIGENCE |
| 650 ## - SUBJECT ADDED ENTRY--TOPICAL TERM | |
| Topical term or geographic name entry element | Insurance |
| 9 (RLIN) | 6249 |
| 690 ## - LOCAL SUBJECT ADDED ENTRY--TOPICAL TERM (OCLC, RLIN) | |
| Topical term or geographic name as entry element | PROFESSIONAL PRACTICE-NEGLIGENCE-CASE LAW |
| 942 ## - ADDED ENTRY ELEMENTS (KOHA) | |
| Suppress in OPAC | 0 |
| Withdrawn status | Lost status | Source of classification or shelving scheme | Damaged status | Not for loan | Home library | Current library | Shelving location | Date acquired | Total Checkouts | Full call number | Barcode | Date last seen | Copy number | Price effective from | Koha item type |
|---|---|---|---|---|---|---|---|---|---|---|---|---|---|---|---|
| Dewey Decimal Classification | London | London | Journal article | 04/03/2004 | ABS67548 | 125335-1001 | 06/08/2019 | 1 | 06/08/2019 | Journal article |